[Event "HUN-chT2 Barcza 1415"]
[Site "Hungary"]
[Date "2014.09.21"]
[Round "?"]
[White "Ujhelyi, Andras"]
[Black "Meszaros, Andras"]
[Result "0-1"]
[WhiteElo "2064"]
[BlackElo "2284"]
[PlyCount "127"]
[EventDate "2014.09.07"]
[EventType "team-tourn"]
[EventRounds "11"]
[EventCountry "HUN"]
[SourceTitle "EXT 2016"]
[Source "ChessBase"]
[SourceDate "2015.10.08"]
[SourceVersion "1"]
[SourceVersionDate "2015.10.08"]
[SourceQuality "1"]
[WhiteTeam "Piremon"]
[BlackTeam "Nadudvar"]
[WhiteTeamCountry "HUN"]
[BlackTeamCountry "HUN"]

1. c4 e5 2. Nc3 Nf6 3. g3 Bb4 4. Bg2 0-0 5. Nf3 Re8 6. 0-0 d6 7. Qb3 Nc6 8. a3 Bxc3 9. Qxc3 Bg4 10. Re1 Qd7 11. d3 h6 12. Be3 Bh3 13. Nd2 Bxg2 14. Kxg2 Qf5 15. f3 d5 16. Bf2 e4 17. Bd4 Nxd4 18. Qxd4 exf3+ 19. exf3 c5 20. Qc3 Rad8 21. Rad1 Rxe1 22. Rxe1 dxc4 23. dxc4 Rd3 24. Qc1 h5 25. Re2 h4 26. Qf1 h3+ 27. Kg1 Qd7 28. Qf2 b6 29. Nf1 Qa4 30. Ne3 Qc6 31. Qf1 Qd7 32. Kf2 g6 33. g4 Rd2 34. Rxd2 Qxd2+ 35. Qe2 Qd6 36. Kg1 Qd4 37. Kf1 Kg7 38. Ke1 Qf4 39. Kd1 Kf8 40. Kc2 Qe5 41. Qd2 Ke7 42. Nf1 Ne8 43. Qe3 Ke6 44. Kd3 f5 45. gxf5+ gxf5 46. f4 Qe4+ 47. Ke2 Nd6 48. Nd2 Qxe3+ 49. Kxe3 Ne8 50. Nf3 Nf6 51. Ng5+ Ke7 52. Kf3 Ng4 53. Kg3 Ne3 54. b3 Nf1+ 55. Kxh3 Nd2 56. Kg3 Nxb3 57. Nf3 a6 58. a4 Nc1 59. Ne5 Ne2+ 60. Kf3 Nc3 61. a5 bxa5 62. Nc6+ Kd6 63. Nxa5 Ne4 64. Ke2 0-1

[Event "HUN-chT2 Barcza 1314"]
[Site "Hungary"]
[Date "2014.02.02"]
[Round "6"]
[White "Kassay, Krisztian"]
[Black "Ujhelyi, Andras"]
[Result "1-0"]
[WhiteElo "1924"]
[BlackElo "2045"]
[PlyCount "137"]
[EventDate "2013.09.08"]
[EventType "team-tourn"]
[EventRounds "11"]
[EventCountry "HUN"]
[SourceTitle "EXT 2016"]
[Source "ChessBase"]
[SourceDate "2015.10.08"]
[SourceVersion "1"]
[SourceVersionDate "2015.10.08"]
[SourceQuality "1"]
[WhiteTeam "Miskolc KisBocsok"]
[BlackTeam "Nyiregyhaza"]
[WhiteTeamCountry "HUN"]
[BlackTeamCountry "HUN"]

1. e4 c5 2. Nf3 d6 3. d4 cxd4 4. Nxd4 Nf6 5. Nc3 a6 6. f3 e5 7. Nb3 Be6 8. Be3 Be7 9. Qd2 0-0 10. 0-0-0 Nbd7 11. g4 b5 12. g5 b4 13. Ne2 Nh5 14. Ng3 Nf4 15. Bxf4 exf4 16. Nf5 Ne5 17. h4 a5 18. Kb1 a4 19. Nbd4 d5 20. Qxf4 Ng6 21. Qc1 Bc5 22. h5 Ne5 23. Qf4 Qb8 24. Nxg7 Bxd4 25. Rxd4 Nc6 26. Qxb8 Raxb8 27. Nxe6 fxe6 28. Rd2 d4 29. Bc4 Kf7 30. f4 Ke7 31. Rf1 a3 32. b3 Rbd8 33. f5 Rd6 34. f6+ Kf7 35. Rf5 Ke8 36. Rb5 e5 37. Bd5 Nd8 38. Rxb4 h6 39. f7+ Nxf7 40. Rf2 Nd8 41. Rxf8+ Kxf8 42. g6 Rf6 43. Kc1 Ne6 44. Rb7 Ng7 45. Rb8+ Ke7 46. Rh8 Nxh5 47. Rxh6 Rf1+ 48. Kd2 Ng7 49. Rh8 Rg1 50. Bf7 Rg2+ 51. Kd3 Rg3+ 52. Kc4 Rc3+ 53. Kb4 Rxc2 54. Kxa3 d3 55. Rh3 d2 56. Rd3 Nh5 57. Bc4 Kf6 58. Rd7 Kxg6 59. Bf7+ Kg5 60. Bxh5 Kxh5 61. b4 Rc3+ 62. Ka4 Rc4 63. Rxd2 Rxe4 64. Ka5 Kg5 65. b5 Rc4 66. b6 Rc5+ 67. Ka6 Rc4 68. b7 Rb4 69. Rd5 1-0

[Event "HUN-chT2 Barcza 1213"]
[Site "Hungary"]
[Date "2012.12.02"]
[Round "5.4"]
[White "Hando, Vilmos"]
[Black "Ujhelyi, Andras"]
[Result "1-0"]
[WhiteElo "2346"]
[BlackElo "2050"]
[PlyCount "97"]
[EventDate "2012.09.16"]
[EventType "team-tourn"]
[EventRounds "11"]
[EventCountry "HUN"]
[SourceTitle "EXT 2014"]
[Source "ChessBase"]
[SourceDate "2013.11.20"]
[SourceVersion "1"]
[SourceVersionDate "2013.11.20"]
[SourceQuality "1"]
[WhiteTeam "Kazincbarcika"]
[BlackTeam "Tiszavasvar"]
[WhiteTeamCountry "HUN"]
[BlackTeamCountry "HUN"]

1. d4 d5 2. c4 c6 3. Nf3 Nf6 4. Nc3 e6 5. Qc2 Bb4 6. Bg5 Nbd7 7. e3 h6 8. Bh4 Qa5 9. Nd2 0-0 10. Bd3 dxc4 11. Nxc4 Qh5 12. Bg3 Nd5 13. e4 N5b6 14. 0-0 Nxc4 15. Bxc4 b5 16. Be2 Qg6 17. a4 Bb7 18. Bd3 a6 19. Ne2 Qf6 20. e5 Qe7 21. Nf4 Nb6 22. Qe2 Rad8 23. Qe4 g6 24. Nh5 c5 25. Qe3 gxh5 26. Qxh6 f5 27. exf6 Rxf6 28. Bh7+ Qxh7 29. Qxf6 Re8 30. axb5 cxd4 31. bxa6 Bd5 32. Qxd4 Qe4 33. Qxe4 Bxe4 34. f3 Bd5 35. Rfc1 Nc4 36. Be1 Bxe1 37. Rxe1 Nxb2 38. Reb1 Nc4 39. a7 Ra8 40. Rb8+ Kf7 41. Rxa8 Bxa8 42. Rb1 Ne5 43. Rb8 Bd5 44. a8Q Bxa8 45. Rxa8 Kf6 46. Kf2 h4 47. Ra4 Ng6 48. Rg4 Kf5 49. Ke3 1-0

[Event "HUN-chT2 Barcza 1112 "]
[Site "Hungary"]
[Date "2011.11.13"]
[Round "3"]
[White "Czina, Peter"]
[Black "Ujhelyi, Andras"]
[Result "1/2-1/2"]
[WhiteElo "1725"]
[BlackElo "2036"]
[PlyCount "54"]
[EventDate "2011.09.25"]
[EventType "team-tourn"]
[EventRounds "11"]
[EventCountry "HUN"]
[SourceTitle "EXT 2013"]
[Source "ChessBase"]
[SourceDate "2012.11.22"]
[SourceVersion "1"]
[SourceVersionDate "2012.11.22"]
[SourceQuality "1"]
[WhiteTeam "Nadudvar"]
[BlackTeam "Tiszavasvar"]
[WhiteTeamCountry "HUN"]
[BlackTeamCountry "HUN"]

1. d4 d5 2. Nf3 Nf6 3. Bf4 e6 4. e3 Be7 5. Nbd2 0-0 6. Bd3 Nbd7 7. Ne5 c5 8. c3 Nxe5 9. Bxe5 Nd7 10. Bf4 f5 11. Qh5 Nf6 12. Qh3 Ne4 13. Nf3 cxd4 14. exd4 Qb6 15. Rb1 Bd7 16. 0-0 Bb5 17. Ne5 Bf6 18. Bxb5 Qxb5 19. f3 Bxe5 20. dxe5 Qc5+ 21. Kh1 Nf2+ 22. Rxf2 Qxf2 23. g4 fxg4 24. Qxg4 h5 25. Qxe6+ Kh8 26. Bh6 Qxf3+ 27. Kg1 gxh6 1/2-1/2